UM Logo

Extent of faculty student participation to UMDC CES project at Ebreo Village/ (Record no. 2863)

MARC details
000 -LEADER
fixed length control field 00527nam a22001457a 4500
008 - FIXED-LENGTH DATA ELEMENTS--GENERAL INFORMATION
fixed length control field 160528b xxu||||| |||| 00| 0 eng d
082 ## - DEWEY DECIMAL CLASSIFICATION NUMBER
Edition number 2005
Classification number UT 0029
Item number M85
100 ## - MAIN ENTRY--PERSONAL NAME
9 (RLIN) 9523
Personal name Motilla, Melisa R.
245 ## - TITLE STATEMENT
Title Extent of faculty student participation to UMDC CES project at Ebreo Village/
Statement of responsibility, etc. Melisa R. Motila and Janice C. Natinga.
260 ## - PUBLICATION, DISTRIBUTION, ETC. (IMPRINT)
Place of publication, distribution, etc. Digos City:
Name of publisher, distributor, etc. UMDC
Date of publication, distribution, etc. March 2005.
300 ## - PHYSICAL DESCRIPTION
Extent 46 pages;
Dimensions 28 cm.
650 #0 - SUBJECT ADDED ENTRY--TOPICAL TERM
9 (RLIN) 9522
Topical term or geographic name as entry element Education
Form subdivision English
General subdivision Undergraduate thesis.
700 ## - ADDED ENTRY--PERSONAL NAME
9 (RLIN) 9521
Personal name Natinga, Janice C.
942 ## - ADDED ENTRY ELEMENTS (KOHA)
Source of classification or shelving scheme Dewey Decimal Classification
Koha item type Undergraduate Thesis
Holdings
Withdrawn status Lost status Source of classification or shelving scheme Damaged status Not for loan Collection code Home library Current library Date acquired Total Checkouts Full call number Barcode Date last seen Copy number Price effective from Koha item type
    Dewey Decimal Classification     Undergraduate Theses UM Digos College - LIC UM Digos College - LIC 05/28/2016   UT 0029 M85 2005 UT0029 05/28/2016 1 05/28/2016 Undergraduate Thesis
    Dewey Decimal Classification     Undergraduate Theses UM Digos College - LIC UM Digos College - LIC 05/28/2016   UT 0029 M85 2005 UT0030 05/28/2016 2 05/28/2016 Undergraduate Thesis